| Поле | Название | Значение |
| |
Тип записи |
a |
| |
Библиографический уровень |
m |
| 001 |
Контрольный номер |
UONB/MAIN/d6b1ecbe4cd4469f960049b2f4cd3598 |
| 005 |
Дата корректировки |
20260203163938.4 |
| 010 |
Индекс ISBN |
__ |
| 9 |
Тираж |
30000 экз. |
| b |
Уточнения |
в пер. |
| d |
Цена |
13 р. |
| 100 |
Данные общей обработки |
__ |
| a |
Данные общей обработки |
20260203d1955 u y0rusy0189 ca |
| 101 |
Язык документа |
0_ |
| a |
Язык текста |
rus |
| 102 |
Страна публикации |
__ |
| a |
Страна публикации |
RU |
| 105 |
Кодированные данные (монография) |
__ |
| a |
Кодированные данные (монография) |
a z 000by |
| 200 |
Заглавие и сведения об ответственности |
1_ |
| a |
Заглавие |
Трилогия |
| f |
Первые сведения об ответственности |
А. В. Сухово-Кобылин |
| e |
Сведения, относящиеся к заглавию |
Свадьба Кречинского ; Дело ; Смерть Тарелкина |
| g |
Последующие сведения об ответственности |
подготовка текста, вступительная статья и комментарии И. Д. Гликмана |
| g |
Последующие сведения об ответственности |
иллюстрации М. А. Таранова |
| 203 |
Вид содержания и тип средства |
__ |
| a |
Вид содержания |
Текст |
| b |
Характеристика содержания |
визуальный |
| c |
Тип средства |
непосредственный |
| 210 |
Выходные данные |
1_ |
| a |
Место издания |
Москва |
| a |
Место издания |
Гослитиздат, [Ленинградское отделение] |
| d |
Дата издания |
1955 |
| 215 |
Физическое описание |
__ |
| a |
Объем |
XXXVIII, 276 с. |
| d |
Формат |
23 см |
| c |
Иллюстрации/тип воспроизводства |
ил., 11 л. ил. |
| 606 |
Тематические рубрики |
0_ |
| a |
Основная рубрика |
Пьесы (х. л.) |
| 610 |
Ключевые слова |
0_ |
| a |
Ключевые слова |
суд в России ; чиновничество в России ; дворянство в России (х. л.) ; Россия 19 в. (х. л.); пьесы русские комедийные |
| 686 |
Индексы других классификаций |
__ |
| 2 |
Код системы |
rubbk |
| a |
Классификационный индекс |
84Р1 |
| 700 |
Автор |
_1 |
| a |
Фамилия |
Сухово-Кобылин |
| b |
Имя (инициалы) |
А. В. |
| g |
Полное личное имя |
Александр Васильевич |
| f |
Даты |
1817-1903 |
| 702 |
Вторичная интеллектуальная ответственность |
_1 |
| a |
Фамилия |
Гликман |
| b |
Имя (инициалы) |
И. Д. |
| 4 |
Код отношения |
080 |
| 702 |
Вторичная интеллектуальная ответственность |
_1 |
| a |
Фамилия |
Таранов |
| b |
Имя (инициалы) |
М. А. |
| 4 |
Код отношения |
440 |
| 801 |
Источник записи |
_0 |
| a |
Страна |
RU |
| b |
Организация |
Ульяновская ОНБ |
| c |
Дата составления |
20260203 |
| g |
Правила каталогизации |
RCR |
| 801 |
Источник записи |
_1 |
| a |
Страна |
RU |
| b |
Организация |
Ульяновская ОНБ |
| c |
Дата составления |
20260203 |
| g |
Правила каталогизации |
RCR |
| 901 |
Тип документа |
__ |
| t |
Тип документа |
m |
| 909 |
Создатель записи |
__ |
| a |
Создатель записи |
Моргунова |
| b |
Дата создания записи |
20260203 |